LEADER 00944nam0-22003251i-450- 001 990003102040403321 005 20040503140754.0 035 $a000310204 035 $aFED01000310204 035 $a(Aleph)000310204FED01 035 $a000310204 100 $a20030910d1981----km-y0itay50------ba 101 0 $afre 200 1 $aInformatique et conditions de travail dans les emplois administratifs$eBibliographie$fAnact 210 $aMontrouge$cAnact$d1981 215 $a133 p.$d21 cm 676 $a18320 676 $aA/2 676 $aA/5 676 $aG/1.02 676 $aG/2.3 676 $aM/4.23 710 02$aAgence nationale pour l'amélioration des conditions de travail$0375492 801 0$aIT$bUNINA$gRICA$2UNIMARC 901 $aBK 912 $a990003102040403321 952 $aA/2 ANA$b11186/I$fSES 959 $aSES 996 $aInformatique et conditions de travail dans les emplois administratifs$9462050 997 $aUNINA LEADER 01156nam a2200313 i 4500 001 991002251639707536 005 20020507161810.0 008 991209s1998 uk ||| | eng 020 $a0421606606 035 $ab11630267-39ule_inst 035 $aLE02733311$9ExL 040 $aDip.to Studi Giuridici$bita 082 0 $a343.41099 084 $aC-XIII/B 100 1 $aGibbons, Thomas$0529117 245 10$aRegulating the media /$cThomas Gibbons 250 $a2. ed 260 $aLondon :$bSweet & Maxwell,$c1998 300 $axix, 326 p. ;$c22 cm. 490 0 $aModern legal studies 500 $aInclude riferimenti bibliografici e indice 650 4$aMass media$xDiritto e legislazione - Gran Bretagna 907 $a.b11630267$b01-03-17$c02-07-02 912 $a991002251639707536 945 $aLE027 C-XIII/B GIB01.01 C.1$g1$iLE027-6763$lle027$o-$pE0.00$q-$rl$s- $t0$u0$v0$w0$x0$y.i11849277$z02-07-02 945 $aLE027 343 GIB01.01 C.2$g2$i2027000013531$lle027$o-$pE0.00$q-$rl$s- $t0$u1$v3$w1$x0$y.i11849289$z02-07-02 996 $aRegulating the media$9897803 997 $aUNISALENTO 998 $ale027$b01-01-99$cm$da $e-$feng$guk $h0$i2 LEADER 03811nam 2200661Ia 450 001 9910830518803321 005 20230721004929.0 010 $a1-282-68433-7 010 $a9786612684333 010 $a0-470-74039-6 010 $a0-470-74036-1 035 $a(CKB)1000000000715943 035 $a(EBL)416393 035 $a(OCoLC)476247730 035 $a(SSID)ssj0000134230 035 $a(PQKBManifestationID)11158823 035 $a(PQKBTitleCode)TC0000134230 035 $a(PQKBWorkID)10054012 035 $a(PQKB)11412119 035 $a(MiAaPQ)EBC416393 035 $a(EXLCZ)991000000000715943 100 $a20080730d2009 uy 0 101 0 $aeng 135 $aur|n|---||||| 181 $ctxt 182 $cc 183 $acr 200 00$aCVD diamond for electronic devices and sensors$b[electronic resource] /$fedited by Ricardo S. Sussmann 210 $aChichester, U.K. $cWiley$d2009 215 $a1 online resource (603 p.) 225 1 $aWiley series in materials for electronic and optoelectronic applications 300 $aDescription based upon print version of record. 311 $a0-470-06532-X 320 $aIncludes bibliographical references and index. 327 $aCVD Diamond for Electronic Devices and Sensors; Contents; Series Preface; Preface; List of Contributors; Basic Properties, Defects and Impurities, Surface properties and Synthesis; 1 Basic Properties of Diamond: Phonon Spectra, Thermal Properties, Band Structure; 2 Transport Properties of Electrons and Holes in Diamond; 3 Point Defects, Impurities and Doping; 4 Surface Conductivity of Diamond; 5 Recent Progress in the Understanding of CVD Growth of Diamond; 6 Heteroepitaxial Growth; Radiation Sensors; 7 Detectors for UV and Far UV Radiation; 8 Diamond Radiation Sensors for Radiotherapy 327 $a9 Radiation Sensors for High Energy Physics Experiments10 CVD-Diamond Detectors for Experiments with Hadrons, Nuclei, and Atoms; 11 Neutron Detectors; Active Electronic Devices; 12 High-Power Switching Devices; 13 H-Terminated Diamond Field-Effect Transistors; 14 Doped Diamond Electron Devices; 15 Optoelectronic Devices Using Homoepitaxial Diamond p -n and p -i -n Junctions; Electrochemical and Biological Sensors; 16 Biofunctionalization of Diamond Surfaces: Fundamentals and Applications; 17 Diamond Electrochemical Sensors; Micro-Electro-Mechanical Systems; 18 CVD Diamond MEMS 327 $aSuperconductivity in CVD Diamond19 Superconductivity in Diamond 330 $aSynthetic diamond is diamond produced by using chemical or physical processes. Like naturally occurring diamond it is composed of a three-dimensional carbon crystal. Due to its extreme physical properties, synthetic diamond is used in many industrial applications, such as drill bits and scratch-proof coatings, and has the potential to be used in many new application areas A brand new title from the respected Wiley Materials for Electronic and Optoelectronic Applications series, this title is the most up-to-date resource for diamond specialists. Beginning with an introduction to the pr 410 0$aWiley series in materials for electronic and optoelectronic applications. 606 $aElectronics$xMaterials 606 $aDiamonds, Artificial 606 $aChemical vapor deposition 615 0$aElectronics$xMaterials. 615 0$aDiamonds, Artificial. 615 0$aChemical vapor deposition. 676 $a621.381 676 $a666.88 686 $aUP 3100$2rvk 686 $aUQ 8220$2rvk 686 $aZN 4174$2rvk 701 $aSussmann$b Ricardo S$01609888 801 0$bMiAaPQ 801 1$bMiAaPQ 801 2$bMiAaPQ 906 $aBOOK 912 $a9910830518803321 996 $aCVD diamond for electronic devices and sensors$93937360 997 $aUNINA